| 000 | 00601nam a2200217 a 4500 | ||
|---|---|---|---|
| 001 | BRCA_5596 | ||
| 005 | 20190320205139.0 | ||
| 008 | 210211c1940----au-#######---#000-0#ger-# | ||
| 041 | _ager | ||
| 044 | _agw | ||
| 050 | 4 |
_aGR159.S7 _b.A37 |
|
| 100 | 1 |
_aAdrian, Karl _914267 |
|
| 245 | 1 | 0 | _aDas Salzburger Volkskunde-Museum in Hellbrunn Salzburger. |
| 260 |
_aAustria _bMuseum Carolina Augusteum |
||
| 300 |
_a29 p. _bil., 6 láminas _c17 cm. |
||
| 500 | _aF73 | ||
| 650 | 1 | 4 |
_aGalerías y museos _914022 |
| 650 | 1 | 4 |
_aColeccionistas y colecciones _zAustria _914268 |
| 902 | _aGFM | ||
| 942 |
_2lcc _cB |
||
| 999 |
_c5290 _d5290 |
||